Tratamiento con ozono de residuos lignocelulósicos. Aplicación a materiales obtenidos por fraccionamiento e identificación de productos de reacción
Պահպանված է:
| Հիմնական հեղինակ: | |
|---|---|
| Ձևաչափ: | Գիրք |
| Լեզու: | անգլերեն իսպաներեն |
| Հրապարակվել է: |
Murcia
Secretariado de Publicaciones e Intercambio Científico, Universidad de Murcia
1996
|
| Շարք: | Tesis Doctorales
|
| Խորագրեր: | |
| Ցուցիչներ: |
Ավելացրեք ցուցիչ
Չկան պիտակներ, Եղեք առաջինը, ով նշում է այս գրառումը!
|
MARC
| LEADER | 00000nam a2200000 a 4500 | ||
|---|---|---|---|
| 001 | UCM0394 | ||
| 003 | CL-VaPUC | ||
| 008 | 020125e19960000SP |||||||||||||||||eng|d | ||
| 041 | 0 | 7 | |a eng |2 CL-VaPUC |
| 041 | 0 | 7 | |a spa |2 CL-VaPUC |
| 082 | 0 | 4 | |a 665.89 |b QUE |2 21 |
| 100 | 0 | |a Quesada Medina, Joaquín |e author |9 490628 | |
| 245 | 1 | 0 | |a Tratamiento con ozono de residuos lignocelulósicos. Aplicación a materiales obtenidos por fraccionamiento e identificación de productos de reacción |
| 300 | |a pág. irreg | ||
| 942 | |c BK | ||
| 945 | |d 20020125 00:00:00 |a crobeson | ||
| 260 | |a Murcia |b Secretariado de Publicaciones e Intercambio Científico, Universidad de Murcia |c 1996 | ||
| 500 | |a Incluye índice y sumario | ||
| 650 | 7 | |a RESIDUOS LIGNOCELULOSICOS - OZONIZACION |2 CL-VaPUC |9 490629 | |
| 650 | 7 | |a RESIDUOS ORGANICOS |2 CL-VaPUC |9 264500 | |
| 650 | 0 | |a Química industrial |9 355322 | |
| 583 | |a last modification |c 20190801 06:58:54 |k Rodrigo Vera | ||
| 490 | 0 | |a Tesis Doctorales | |
| 999 | |c 312147 |d 312145 | ||